| 000 | 00729nam a22002057a 4500 | ||
|---|---|---|---|
| 999 |
_c11383 _d11383 |
||
| 003 | AR-CdUCM | ||
| 008 | 190403b ||||| |||| 00| 0 spa d | ||
| 040 |
_aMUNICIPALIDAD PROVINCIAL DEL CUSCO _cBIBLIOTECA MUNICIPAL DEL CUSCO |
||
| 082 |
_aC / 869.56 / _bC93S |
||
| 100 |
_aCuadros y V., Carlos Ferdinand _928713 |
||
| 245 |
_aSaludo a la madre en el tono a la esperanza : _bTres cantos a las fuerzas de la vida ofrenda i saludo / |
||
| 260 |
_aCusco : _bTall. Graf. La Económica, _c1952. |
||
| 300 |
_a33 páginas ; _bilustraciones, _c23 cm. |
||
| 505 | _aContenido: Poesías. | ||
| 650 |
_aPoesías Cusqueñas _96460 |
||
| 650 |
_aSiglo XX _98 |
||
| 650 |
_aLiteratura Peruana _9132 |
||
| 942 |
_2ddc _cLIBROS |
||
| 945 | _aachl | ||